Normal view
MARC view
- Gen. Muhammad Akbar Khan
Entry Personal Name
001 - CONTROL NUMBER
- control field: 21087
003 - CONTROL NUMBER IDENTIFIER
- control field: NUST
005 - DATE AND TIME OF LATEST TRANSACTION
- control field: 20190923125019.0
008 - FIXED-LENGTH DATA ELEMENTS
- fixed length control field: 190923|| aca||aabn | a|a d
040 ## - CATALOGING SOURCE
- Original cataloging agency: NUST
- Transcribing agency: NUST
100 ## - HEADING--PERSONAL NAME
- Personal name: Gen. Muhammad Akbar Khan
670 ## - SOURCE DATA FOUND
- Source citation: Work cat.: (NUST): Gen. Muhammad Akbar Khan, Meri Aakhri Manzil, 2006
